00729nam a2200229 i 4500001000300000100002000003245007400023260003600097300002800133650002500161650003400186020001400220040000800234041000700242080002100249920001700270942000700287008004100294999001700335856009800352952004900450bg1 aSTEINHAUS, Ingo10aBank und Bòˆrse online :bGeldanlage per Internet /cIngo Steinhaus. aKilchberg :bSmartBooks,c2000. a248 s. :bil. ;c24 cm. 9aBankixautomatyzacja 9aInternetxstosowaniexfinanse a308490294 cBPK0 ade a336.71:004.738.5 a3-08490-29-4 cKS s pl f |000 0 pol  c40467d40467 uhttp://koha.tu.koszalin.pl/cgi-bin/koha/opac-detail.pl?biblionumber=40467yKatalog online BPK 00104070aBPKbBPKcwo61257p01634570yKS